000 00529nam a2200157 4500
001 112508
003 ES-MaACL
007 t|
008 061121s1983 sp r ||||1| spa d
100 1 _aOrtega Sastre, Amparo.
_987493
245 1 0 _aA través de mi ventana /
_cAmparo Ortega Sastre ; portada y dibujos Mª de la Vega Martínez Zapatero.
260 _aBurgos :
_bMonte Carmelo,
_c1983.
300 _a91 p. :
_bil. ;
_c21 cm.
700 1 _aVega Martínez Zapatero, María de la.
_9113616
852 _aES-MaACL
_jL-5714
_bR.105643
999 _c112508
_d112508